Here you will find the least and most remembered teams of the Big Four U.S. Sports, as well as how your score stacks up against everyone else who took this quiz.

Think you can do better this time?
Play Again.
 
This Big 4 Teams Quiz has been taken 1,170,095 times (485 today).
Team % Guessed Right
New York Giants
94%
Cincinnati Reds
94%
San Francisco Giants
93.7%
Boston Red Sox
92.1%
Arizona Cardinals
91.9%
New York Jets
91.8%
St. Louis Cardinals
91.7%
New York Yankees
91.3%
Chicago White Sox
90.5%
New England Patriots
90.4%
Chicago Bears
89.3%
Dallas Cowboys
88.8%
Los Angeles Lakers
88.6%
Pittsburgh Steelers
88.3%
New York Rangers
88.1%
Texas Rangers
87.8%
Boston Celtics
87.5%
San Francisco 49ers
87.3%
Florida Panthers
87.2%
Carolina Panthers
87.2%
Philadelphia Eagles
87.1%
Washington Redskins
87.1%
Detroit Lions
86.6%
Atlanta Falcons
86.6%
Green Bay Packers
86.5%
Indianapolis Colts
86.4%
New York Mets
86.3%
Miami Dolphins
85.5%
Cleveland Browns
85.5%
Minnesota Vikings
85.4%
Denver Broncos
84.8%
Houston Texans
84.5%
Oakland Athletics
84.5%
Chicago Cubs
84.3%
New Orleans Saints
84.2%
Baltimore Ravens
84.2%
Miami Heat
84.1%
Oakland Raiders
84%
Cincinnati Bengals
83.8%
Seattle Seahawks
83.7%
Atlanta Braves
83.6%
Team % Guessed Right
Chicago Bulls
83%
Jacksonville Jaguars
82.2%
New York Knicks
82.1%
Los Angeles Angels of Anaheim
82%
Buffalo Bills
81.9%
San Diego Chargers
81.8%
Philadelphia Phillies
81.6%
Atlanta Hawks
81.5%
Tennessee Titans
81.4%
St. Louis Rams
81.4%
Detroit Tigers
81.2%
Tampa Bay Buccaneers
81%
Washington Nationals
81%
Tampa Bay Rays
80.5%
Arizona Diamondbacks
80.4%
Toronto Blue Jays
80%
Los Angeles Kings
79.9%
Kansas City Chiefs
79.7%
Pittsburgh Pirates
79.7%
Los Angeles Dodgers
79.6%
Sacramento Kings
79.5%
Detroit Red Wings
79.3%
Miami Marlins
78.8%
Baltimore Orioles
78.8%
Cleveland Cavaliers
78.8%
Brooklyn Nets
78.5%
Cleveland Indians
78.4%
Pittsburgh Penguins
78.4%
Boston Bruins
78.3%
Philadelphia 76ers
78.1%
Los Angeles Clippers
77.4%
Orlando Magic
77.2%
Minnesota Twins
77%
Seattle Mariners
76.3%
Houston Astros
76.3%
Colorado Rockies
76.2%
Dallas Mavericks
76.1%
Washington Wizards
75.7%
Denver Nuggets
75%
San Diego Padres
74.6%
Oklahoma City Thunder
74.5%
Team % Guessed Right
Detroit Pistons
74.3%
San Antonio Spurs
74.1%
Chicago Blackhawks
73.6%
Phoenix Suns
73.4%
Washington Capitals
73.3%
Philadelphia Flyers
72.9%
Milwaukee Brewers
72.8%
Winnipeg Jets
72.5%
New York Islanders
72.4%
Kansas City Royals
72.3%
Utah Jazz
71.9%
Toronto Maple Leafs
71.5%
Houston Rockets
71%
Minnesota Timberwolves
70.7%
New Orleans Hornets
70.6%
Anaheim Ducks
70%
Dallas Stars
69.5%
Vancouver Canucks
69.3%
Indiana Pacers
68.8%
New Jersey Devils
68.8%
Montreal Canadiens
68.3%
Toronto Raptors
68.2%
Colorado Avalanche
68.1%
Charlotte Bobcats
66.5%
Minnesota Wild
66.5%
St. Louis Blues
66.5%
Golden State Warriors
66.4%
Edmonton Oilers
66.3%
Milwaukee Bucks
65.8%
Portland Trail Blazers
65%
Tampa Bay Lightning
64.9%
Memphis Grizzlies
64.3%
Phoenix Coyotes
63.4%
San Jose Sharks
62.9%
Carolina Hurricanes
62.7%
Ottawa Senators
62.6%
Calgary Flames
61.6%
Columbus Blue Jackets
61.3%
Buffalo Sabres
60.3%
Nashville Predators
56.7%

How do you compare to other Big 4 Teams quiz takers?

Number % Answered
122 (all)
20.2%
116-121
16.6%
110-115
9.4%
104-109
7.7%
98-103
6.8%
92-97
6%
86-91
5.2%
80-85
4.3%
74-79
3.6%
68-73
3%
62-67
2.8%
56-61
2.2%
50-55
1.8%
44-49
1.6%
38-43
1.4%
32-37
1.9%
26-31
1.8%
20-25
1%
14-19
0.9%
8-13
0.9%
2-7
0.9%
1-1
0.1%

You might also like these games:
Big 4 Team Geographic Names   Big 4 Expansion Teams   Big 4 Sports Logos by Letter
There are 338 comments for this game.
(Warning: comments may contain spoilers)

Big 4 Teams Quiz

  1. by Matt
  • Created May 7, 2009 in Sports
  • Featured May 7, 2009
  • Game Plays 1,170,095

Remember, Sporcle is now...

Friend Scores and Standings

Loading friend results....